| 000 | 00564nam a22001457a 4500 | ||
|---|---|---|---|
| 999 |
_c133544 _d133544 |
||
| 005 | 20240321095335.0 | ||
| 008 | 240321b ||||| |||| 00| 0 eng d | ||
| 040 | _cPK-LaUMT | ||
| 082 |
_aAPC 297.07 _bMUH-T |
||
| 100 | _aMuhammad bin Ismael Aslafi = محمد بن اسماعیل السلفی | ||
| 245 |
_aTalemaat i Islamia for B Ed class = تعلیمات اسلمیہ برائے بی ایڈ کلاس / _cby Muhammad bin Ismael Aslafi = محمد بن اسماعیل السلفی |
||
| 260 |
_aLahore : _bMaktaba Alsalfia, _cNA |
||
| 300 | _a238 p. | ||
| 942 | _cBK | ||